| 000 | 00413cam a2200157ua 4500 | ||
|---|---|---|---|
| 999 |
_c7363 _d7363 |
||
| 003 | OSt | ||
| 008 | 200619b ||||| |||| 00| 0 eng d | ||
| 082 |
_a631.584 _bTAN/PR |
||
| 100 |
_aTandon, R K . _94613 |
||
| 245 | _aPrinciples & methods of farm management / | ||
| 250 | _a5 / | ||
| 260 |
_aKanpur : _bAchal prakashan mandir , _c1964. |
||
| 300 | _a518 ; . | ||
| 700 | 1 |
_aDhondyal, S P . _94614 |
|
| 942 | _cBK | ||